| 000 | 00813cam a22002891 4500 | ||
|---|---|---|---|
| 001 | 18671 | ||
| 003 | BD-RjUL | ||
| 005 | 20211209000322.0 | ||
| 008 | 140222s1952 nyu 000 1 eng | ||
| 035 | _a(BD-RjUL)18729 | ||
| 035 | _a(OCoLC)1258375 | ||
| 040 |
_aDLC _cOTU _dOCoLC _dGFK _dDLC _dBD-RjUL _beng |
||
| 041 | _aeng | ||
| 082 | 0 | 0 |
_a823.9 _bBAL 1952 |
| 100 | 1 |
_aBaxter, Walter, _d1915- _957492 |
|
| 245 | 1 | 0 |
_aLook down in mercy / _c Walter Baxter. |
| 260 |
_aNew York : _bPutnam, _c1952. |
||
| 300 |
_a288 p. ; _c21 cm. |
||
| 650 | 0 |
_aSoldiers _xFiction. _957493 |
|
| 650 | 0 |
_aBritish _zIndia _xFiction. _957494 |
|
| 650 | 0 |
_aNurses _xFiction. _957495 |
|
| 650 | 0 |
_aAdultery _xFiction. _957496 |
|
| 651 | 0 |
_aIndia _xFiction. _956323 |
|
| 942 |
_2ddc _cBK |
||
| 999 |
_c18671 _d18671 |
||